Temple of glas / (Record no. 77230)
[ view plain ]
| 000 -LEADER | |
|---|---|
| fixed length control field | 01695nam a22003611a 4500 |
| 001 - CONTROL NUMBER | |
| control field | 77230 |
| 003 - CONTROL NUMBER IDENTIFIER | |
| rucl marc code | BD-RjUL |
| 005 - DATE AND TIME OF LATEST TRANSACTION | |
| control field | 20211209082939.0 |
| 008 - FIXED-LENGTH DATA ELEMENTS--GENERAL INFORMATION | |
| fixed length control field | 200304r19241891xxk o eng d |
| 035 ## - SYSTEM CONTROL NUMBER | |
| System control number | (BD-RjUL) 77455 |
| 040 ## - CATALOGING SOURCE | |
| Original cataloging agency | UK-CbPIL |
| Transcribing agency | UK-CbPIL |
| Language of cataloging | eng |
| 041 ## - LANGUAGE CODE | |
| Language code of text/sound track or separate title | eng |
| 082 ## - DEWEY DECIMAL CLASSIFICATION NUMBER | |
| Edition number | 19 |
| Classification number | 821.1 |
| Author mark and year | LYT 1924 |
| 100 1# - MAIN ENTRY--PERSONAL NAME | |
| Personal name | Lydgate, John, |
| Dates associated with a name | 1370?-1451? |
| 9 (RLIN) | 240377 |
| 245 10 - TITLE STATEMENT | |
| Title | Temple of glas / |
| Statement of responsibility, etc. | edited by J. Schick |
| 260 ## - PUBLICATION, DISTRIBUTION, ETC. (IMPRINT) | |
| Place of publication, distribution, etc. | London : |
| Name of publisher, distributor, etc. | Humphrey Milford, oxford University press, |
| Date of publication, distribution, etc. | 1924 |
| 300 ## - PHYSICAL DESCRIPTION | |
| Pagination | clx, 136 p. ; |
| Size | 23 cm |
| 336 ## - CONTENT TYPE | |
| Content type term | text |
| Source | rdacontent |
| 337 ## - MEDIA TYPE | |
| Media type term | computer |
| Source | rdamedia |
| 338 ## - CARRIER TYPE | |
| Carrier type term | online resource |
| Source | rdacarrier |
| 500 ## - GENERAL NOTE | |
| General note | Preliminaries, introductory and editorial matter including introduction and notes omitted. |
| General note | Online access provided by ProQuest as part of Chadwyck-Healey literature collections. |
| 534 ## - ORIGINAL VERSION NOTE | |
| Introductory phrase | Transcribed from: |
| Main entry of original | Lydgate, John, 1370?-1451?. |
| Title statement of original | Temple of glas. Edited with introduction and notes |
| Publication, distribution, etc. of original | London : Published for The Early English Text Society by Kegan Paul, Trench, Trubner & Co., 1891. |
| Physical description, etc. of original | clx, 136 p. |
| 540 ## - TERMS GOVERNING USE AND REPRODUCTION NOTE | |
| Terms governing use and reproduction | Copyright (c) 2007 ProQuest-CSA LLC. Ltd. Do not export or print from this database without checking the Copyright Conditions to see what is permitted. |
| 650 ## - SUBJECT ADDED ENTRY--TOPICAL TERM | |
| Topical term or geographic name as entry element | English poetry |
| 9 (RLIN) | 240378 |
| 710 2# - ADDED ENTRY--CORPORATE NAME | |
| Corporate name or jurisdiction name as entry element | ProQuest (Firm) |
| 9 (RLIN) | 240379 |
| 773 0# - HOST ITEM ENTRY | |
| Title | English Poetry Second Edition |
| 830 #0 - SERIES ADDED ENTRY--UNIFORM TITLE | |
| Uniform title | Chadwyck-Healey literature collections. |
| 856 40 - ELECTRONIC LOCATION AND ACCESS | |
| Materials specified | Chadwyck-Healey literature collections |
| File size | 94Kb |
| Uniform Resource Identifier | <a href="http://gateway.proquest.com/openurl?ctx_ver=Z39.88-2003&xri:pqil:res_ver=0.2&res_id=xri:ilcs&rft_id=xri:ilcs:ep2:Z000419112">http://gateway.proquest.com/openurl?ctx_ver=Z39.88-2003&xri:pqil:res_ver=0.2&res_id=xri:ilcs&rft_id=xri:ilcs:ep2:Z000419112</a> |
| 942 ## - ADDED ENTRY ELEMENTS (KOHA) | |
| Source of classification or shelving scheme | Dewey Decimal Classification |
| Koha item type | Books |
| Lost status | Source of classification or shelving scheme | Damaged status | Not for loan | Collection code | Permanent Location | Current Location | Shelving location | Date acquired | Source of acquisition | Cost, normal purchase price | Total Checkouts | Full call number | Date last seen | Copy number | Koha item type |
|---|---|---|---|---|---|---|---|---|---|---|---|---|---|---|---|
| Dewey Decimal Classification | Non-fiction | Central Library, University of Rajshahi | Central Library, University of Rajshahi | 06/08/1955 | O. U. P. | 7.00 | 821.1 LYT 1924 | 04/03/2020 | C-2 | Books |